000 00640nam a2200277Ia 4500
005 20260324134032.0
008 008 260324s9999 xx 000 0 eng d
020 _a9781315476179
037 _aEBOOK
040 _aCRL
040 _beng
040 _cCRL
041 _2eng
041 _aeng
084 _qCRL
100 _aHiroshi Mizuta
_91195337
245 2 _aA Critical Bibliography of Adam Smith
260 _bTaylor and Francis
260 _c2002
365 _a
365 _b255
856 _uhttp://www.taylorfrancis.com/books/9781315476179
942 _cEBOOK
999 _c1794975
_d1794975